Mikroalgák előnyős tulajdonságainak kiaknázása élelmiszeripari és takarmányozási felhasználásra

2050-re az előrejelzések alapján várhatóan 9,8 milliárd ember fog élni a Földön, ami azt jelenti, hogy jelenlegi élelmiszer-termelésünket a duplájára kell emelnünk, hogy lépést tudjunk tartani a népesség ilyen nagymértékű növekedésével. Emellett az üvegházhatást fokozó széndioxid kibocsátás emelkedő...

Teljes leírás

Elmentve itt :
Bibliográfiai részletek
Szerzők: Koppányné Szabó Erika
Takács Krisztina
Dokumentumtípus: Cikk
Megjelent: WESSLING Nemzetközi Kutató és Oktató Központ Közhasznú Nonprofit Kft. Budapest 2021
Sorozat:Élelmiszervizsgálati közlemények 67 No. 4
Kulcsszavak:Élelmiszertudomány - kutatás, Mikroalgák - élelmiszeripari felhasználás, Éghajlati változás
Tárgyszavak:
doi:10.52091/EVIK-2021/4-1-HUN

Online Access:http://acta.bibl.u-szeged.hu/79439
LEADER 03890nab a2200253 i 4500
001 acta79439
005 20230826080524.0
008 230713s2021 hu o 0|| hun d
022 |a 0422-9576 
024 7 |a 10.52091/EVIK-2021/4-1-HUN  |2 doi 
040 |a SZTE Egyetemi Kiadványok Repozitórium  |b hun 
041 |a hun 
100 2 |a Koppányné Szabó Erika 
245 1 0 |a Mikroalgák előnyős tulajdonságainak kiaknázása élelmiszeripari és takarmányozási felhasználásra  |h [elektronikus dokumentum] /  |c  Koppányné Szabó Erika 
260 |a WESSLING Nemzetközi Kutató és Oktató Központ Közhasznú Nonprofit Kft.  |b Budapest  |c 2021 
300 |a 3619-3633 
490 0 |a Élelmiszervizsgálati közlemények  |v 67 No. 4 
520 3 |a 2050-re az előrejelzések alapján várhatóan 9,8 milliárd ember fog élni a Földön, ami azt jelenti, hogy jelenlegi élelmiszer-termelésünket a duplájára kell emelnünk, hogy lépést tudjunk tartani a népesség ilyen nagymértékű növekedésével. Emellett az üvegházhatást fokozó széndioxid kibocsátás emelkedő mértéke és az ehhez kapcsolódó klímaváltozás a bolygó létfenntartó képességét jelentősen megterhelik. A növényi fehérjék mennyiségének növeléséhez azonban növelni kell a termőterületek nagyságát, a betakarítás gyakoriságát, illetve a termelt mennyiséget. Azonban mindezek optimálása már jelen helyzetben is igen közel jár az elérhető maximumhoz. A kialakított művelési rendszerek, a talajerő maximális kihasználása igen komoly környezeti problémákhoz, talajpusztuláshoz, a biodiverzitás csökkenéséhez, valamint a megtermelt növényi alapanyagok szállítása révén komoly környezetszennyezéshez vezetnek. Ez komoly kihívást jelent a biztonságos élelmiszerellátás számára, tovább növeli az éhezés kockázatát. Szükség van tehát olyan mezőgazdasági gyakorlatra, melynek eredményeképpen jobb fenntarthatósági mutatókkal és a klímaváltozással szemben ellenálló élelmiszer- és takarmánynövények termeszthetők, melyek révén biztonságosan előállíthatók az egészséget támogató takarmányok, új és értéknövelt élelmiszerek. Ezen belül is különösen a lakosság fehérje ellátása jelent problémát, hiszen jelenleg is körülbelül egymilliárd embernek nem megfelelő a fehérjebevitele. A növekvő fehérjeigények kielégítéséhez azonban a hagyományos fehérjeforrások nem elegendőek. Amint azt a fentiekben említettük az élelmiszer- és takarmányfehérjék alapját a növényi fehérjék jelentik. Az utóbbi években az alternatív fehérjék kutatásának, pozitív és negatív tulajdonságai feltérképezésének kiemelt szerepet tulajdonítanak. Az alternatív fehérjék között kiemelt figyelmet kapnak a különböző élesztők, gombák, baktériumok, algák, egysejtfehérjéknek (SCP - Single cell protein) valamint a rovarok. Jelen cikkünkben az algák, közülük is a mikroalgák bemutatására helyezzük a hangsúlyt, amelyek nem csak jelentős fehérje-tartalmuk és kedvező aminosav összetételük miatt kiemelkedő fontosságúak, hanem számos értékes molekula, például többszörösen telítetlen zsírsavak, pigmentek, antioxidánsok, gyógyszerek és egyéb biológiailag aktív vegyületek forrásai is. Fontos a mikroalgabiomassza megismerése innovatív célú egészségvédő élelmiszertermékek kifejlesztése céljából. 
650 4 |a Műszaki és technológiai tudományok 
650 4 |a Egyéb műszaki tudományok és technológiák 
650 4 |a Élelmiszer és italfélék 
695 |a Élelmiszertudomány - kutatás, Mikroalgák - élelmiszeripari felhasználás, Éghajlati változás 
700 0 1 |a Takács Krisztina  |e aut 
856 4 0 |u http://acta.bibl.u-szeged.hu/79439/1/elelmiszervizsgalati_kozlemenyek_2021_04_3619-3633.pdf  |z Dokumentum-elérés